A félhold nyomában

Elmentve itt :
Bibliográfiai részletek
Szerző: Farkas Csaba
Dokumentumtípus: Cikk
Megjelent: 2005-04-01
Sorozat:Délmagyarország 95 No. 75
Kulcsszavak:Szeged, Néprajz népi hiedelemvilág földterület félhold parcellák Szeged és környéke
Online Access:http://dmarchiv.bibl.u-szeged.hu/134455
LEADER 00515nab a2200157 i 4500
001 delm134455
005 20191209143202.0
008 191209s2005 hu o 0|| hun d
040 |a SZTE Délmagyarország Archívum  |b hun 
041 |a hun 
100 1 |a Farkas Csaba 
245 1 2 |a A félhold nyomában  |h [elektronikus dokumentum] /  |c  Farkas Csaba 
260 |c 2005-04-01 
300 |a 8 
490 0 |a Délmagyarország  |v 95 No. 75 
695 |a Szeged, Néprajz népi hiedelemvilág földterület félhold parcellák Szeged és környéke